[Event "19th Kolkata GM Open 2014"]
[Site "Kolkata IND"]
[Date "2014.03.22"]
[Round "5.11"]
[White "Prasanna Raghuram Rao"]
[Black "Grigoryan, Avetik"]
[Result "1/2-1/2"]
[WhiteTitle "IM"]
[BlackTitle "GM"]
[WhiteElo "2410"]
[BlackElo "2583"]
[WhiteFideId "5022401"]
[BlackFideId "13302191"]
[EventDate "2014.03.18"]

1. d4 Nf6 2. c4 e6 3. g3 c5 4. d5 exd5 5. cxd5 d6 6. Nc3 g6 7. Bg2 Bg7 8. Nf3
O-O 9. O-O Nbd7 10. a4 Qe7 11. a5 Ne4 12. Nxe4 Qxe4 13. Bf4 Qe7 14. Qd2 Nf6 15.
Bg5 Re8 16. Rfe1 Qf8 17. Bxf6 Bxf6 18. e4 Qg7 19. Rab1 Bg4 20. h3 Bxf3 21. Bxf3
b5 22. a6 Rab8 23. Re2 h5 24. h4 Rb6 25. Qa5 c4 26. Bg2 g5 27. hxg5 Qxg5 28. Bh3
Kf8 29. Kg2 h4 30. Qa3 b4 31. Qf3 Rxa6 32. Bd7 Rb8 33. Rh1 Ke7 34. Bf5 Rh8 35.
e5 Bxe5 36. Re4 h3+ 37. Bxh3 Qf6 38. Qe3 Ra2 39. Rxc4 Rxb2 40. Qxa7+ Kf8 41.
Rc8+ Kg7 42. Rxh8 Bd4 43. Rh7+ Kxh7 44. Bf5+ Kg7 45. Rh7+ Kf8 46. Qb8+ Ke7 47.
Qc7+ Kf8 48. Qc8+ Ke7 1/2-1/2

[Event "19th Kolkata GM Open 2014"]
[Site "Kolkata IND"]
[Date "2014.03.22"]
[Round "5.12"]
[White "Sethuraman, S.P."]
[Black "Surendran, N."]
[Result "1-0"]
[WhiteTitle "GM"]
[WhiteElo "2578"]
[BlackElo "2242"]
[WhiteFideId "5021596"]
[BlackFideId "5021243"]
[EventDate "2014.03.18"]

1. d4 Nf6 2. c4 e6 3. g3 d5 4. Nf3 Be7 5. Bg2 O-O 6. O-O dxc4 7. Qa4 Bd7 8. Qxc4
Bc6 9. Nc3 a6 10. Bg5 Nbd7 11. Rfe1 Nb6 12. Qd3 h6 13. Bxf6 Bxf6 14. e4 Na4 15.
Qc2 Nxc3 16. bxc3 b6 17. e5 Be7 18. Ng5 hxg5 19. Bxc6 Rb8 20. Rad1 b5 21. d5 Qc8
22. dxe6 Qxe6 23. Bd5 Qh6 24. e6 f5 25. c4 f4 26. cxb5 Rxb5 27. a4 Rb4 28. Re4
c5 29. Rxb4 cxb4 30. a5 Qf6 31. Bc4 Qe5 32. Ba2 b3 33. Qxb3 Qxa5 34. Bb1 fxg3
35. Qd3 gxf2+ 36. Kg2 1-0

[Event "19th Kolkata GM Open 2014"]
[Site "Kolkata IND"]
[Date "2014.03.22"]
[Round "5.13"]
[White "Neelotpal, Das"]
[Black "Gopal, G.N."]
[Result "1/2-1/2"]
[WhiteTitle "GM"]
[BlackTitle "GM"]
[WhiteElo "2427"]
[BlackElo "2558"]
[WhiteFideId "5003512"]
[BlackFideId "5015693"]
[EventDate "2014.03.18"]

1. e4 c5 2. Nf3 e6 3. g3 Nc6 4. Bg2 Nf6 5. Qe2 e5 6. c3 Be7 7. O-O O-O 8. d4
cxd4 9. cxd4 d5 10. dxe5 dxe4 11. exf6 exf3 12. Qxf3 Bxf6 13. Nc3 Be6 14. Be3
Qa5 15. Ne4 Be7 16. Rfe1 Ne5 17. Qe2 Rac8 18. b3 h6 19. Bd4 1/2-1/2

[Event "19th Kolkata GM Open 2014"]
[Site "Kolkata IND"]
[Date "2014.03.22"]
[Round "5.14"]
[White "Sundararajan, Kidambi"]
[Black "Shyam, Sundar M."]
[Result "1/2-1/2"]
[WhiteTitle "GM"]
[BlackTitle "GM"]
[WhiteElo "2400"]
[BlackElo "2507"]
[WhiteFideId "5005370"]
[BlackFideId "5019141"]
[EventDate "2014.03.18"]

1. d4 d6 2. c4 e5 3. d5 Be7 4. e4 Bg5 5. Nd2 Ne7 6. Ngf3 Bh6 7. Bd3 O-O 8. O-O
c5 9. a3 a5 10. Rb1 Na6 11. b3 g6 12. g3 Bg4 13. Be2 f5 14. Nh4 Bh3 15. Re1 Qd7
16. exf5 gxf5 17. Ndf3 f4 18. Bd3 Bg4 19. Be4 Rf7 20. Qd3 Raf8 21. Bd2 b6 22.
Bc3 Nf5 23. Nxf5 Rxf5 24. Nd2 Rg5 25. Bf3 Rh5 26. Be4 Rg5 27. Nf3 Rgf5 28. Nd2
Rg5 29. Nf3 Rgf5 1/2-1/2

[Event "19th Kolkata GM Open 2014"]
[Site "Kolkata IND"]
[Date "2014.03.22"]
[Round "5.15"]
[White "Palit, Somak"]
[Black "Swayams, Mishra"]
[Result "1/2-1/2"]
[WhiteTitle "IM"]
[BlackTitle "IM"]
[WhiteElo "2421"]
[BlackElo "2445"]
[WhiteFideId "5010454"]
[BlackFideId "5028183"]
[EventDate "2014.03.18"]

1. e4 e6 2. d4 d5 3. Nc3 Nf6 4. e5 Nfd7 5. f4 c5 6. Nf3 Nc6 7. Be3 Be7 8. Qd2
O-O 9. Nd1 cxd4 10. Nxd4 Nxd4 11. Bxd4 Nb8 12. Bd3 Nc6 13. Bf2 f6 14. exf6 Bxf6
15. Nc3 Bd7 16. O-O Qa5 17. a3 Rae8 18. b4 Qd8 19. Bc5 Rf7 20. Rae1 b6 21. Bf2
g6 22. Ne2 Ref8 23. b5 Na5 24. Nd4 Qc8 25. Qe2 Bg7 26. Nf3 Rxf4 27. Ne5 Be8 28.
g3 R4f6 29. Ng4 R6f7 30. Ne5 Rf6 31. Ng4 R6f7 32. Ne5 Rf6 1/2-1/2

[Event "19th Kolkata GM Open 2014"]
[Site "Kolkata IND"]
[Date "2014.03.23"]
[Round "6.1"]
[White "Kunte, Abhijit"]
[Black "Barbosa, Oliver"]
[Result "1/2-1/2"]
[WhiteTitle "GM"]
[BlackTitle "GM"]
[WhiteElo "2439"]
[BlackElo "2564"]
[WhiteFideId "5002265"]
[BlackFideId "5201640"]
[EventDate "2014.03.18"]

1. c4 c6 2. Nf3 d5 3. e3 Nf6 4. Nc3 g6 5. d4 Bg7 6. Be2 O-O 7. O-O Ne4 8. Qc2
Bf5 9. Bd3 Nxc3 10. Bxf5 gxf5 11. Qxc3 dxc4 12. Qxc4 Qd5 13. Qxd5 cxd5 14. Bd2
Rc8 15. Rac1 Nd7 16. Rxc8+ Rxc8 17. Rc1 Rxc1+ 18. Bxc1 e6 19. Kf1 Bf8 20. Ne1
Bd6 21. Nd3 Nb8 22. Bd2 Nc6 23. h3 f4 24. Ke2 fxe3 25. fxe3 1/2-1/2

[Event "19th Kolkata GM Open 2014"]
[Site "Kolkata IND"]
[Date "2014.03.23"]
[Round "6.2"]
[White "Pantsulaia, Levan"]
[Black "Rahman, Ziaur"]
[Result "1/2-1/2"]
[WhiteTitle "GM"]
[BlackTitle "GM"]
[WhiteElo "2606"]
[BlackElo "2486"]
[WhiteFideId "13602071"]
[BlackFideId "10200037"]
[EventDate "2014.03.18"]

1. Nf3 d6 2. g3 e5 3. Bg2 f5 4. c4 Nf6 5. Nc3 Be7 6. d3 O-O 7. O-O Kh8 8. Rb1
Qe8 9. c5 Nc6 10. cxd6 cxd6 11. b4 Qh5 12. b5 Nd8 13. Ba3 f4 14. Ne4 Nxe4 15.
dxe4 Rf6 16. Qc2 Bg4 17. Qc7 Bf8 18. Rfd1 Rf7 19. Qc3 Qg6 20. Rd3 fxg3 21. hxg3
Ne6 22. Rb2 Rc7 23. Qd2 Rac8 24. Ne1 Nc5 25. Bxc5 dxc5 26. Qc3 Be7 27. Nf3 Bxf3
28. Bxf3 c4 29. Rd5 Bf6 30. Rbd2 h5 31. Kg2 Qf7 32. Rd1 g6 33. a4 b6 34. a5 bxa5
35. Ra1 Rd7 36. Rxd7 Qxd7 37. Rxa5 Qd4 38. Qc1 Kg7 39. Qa3 Rc7 40. e3 Qd7 41.
Qc3 Qd3 42. Ra3 Qd7 43. Ra5 Qd3 44. Ra3 1/2-1/2

[Event "19th Kolkata GM Open 2014"]
[Site "Kolkata IND"]
[Date "2014.03.23"]
[Round "6.3"]
[White "Vidit, Santosh Gujrathi"]
[Black "Abdulla, Al-Rakib"]
[Result "1-0"]
[WhiteTitle "GM"]
[BlackTitle "GM"]
[WhiteElo "2602"]
[BlackElo "2518"]
[WhiteFideId "5029465"]
[BlackFideId "10200444"]
[EventDate "2014.03.18"]

1. d4 Nf6 2. c4 e6 3. Nc3 Bb4 4. Qc2 d6 5. a3 Bxc3+ 6. Qxc3 Nbd7 7. f3 e5 8.
dxe5 Nxe5 9. e4 O-O 10. Be3 Be6 11. b3 a6 12. Ne2 Re8 13. Nf4 Bd7 14. Be2 b5 15.
O-O bxc4 16. bxc4 Ba4 17. Rab1 Qd7 18. Rb2 Rab8 19. Rfb1 Rxb2 20. Rxb2 Qc6 21.
Bd4 Nfd7 22. Nd5 Nc5 23. Rb8 1-0

[Event "19th Kolkata GM Open 2014"]
[Site "Kolkata IND"]
[Date "2014.03.23"]
[Round "6.4"]
[White "Deepan, Chakkravarthy J."]
[Black "Sethuraman, S.P."]
[Result "1/2-1/2"]
[WhiteTitle "GM"]
[BlackTitle "GM"]
[WhiteElo "2496"]
[BlackElo "2578"]
[WhiteFideId "5011132"]
[BlackFideId "5021596"]
[EventDate "2014.03.18"]

1. d4 d5 2. c4 dxc4 3. Nf3 Nf6 4. e3 b5 5. a4 b4 6. Bxc4 e6 7. O-O Bb7 8. a5 a6
9. Nbd2 Be7 10. Nb3 Nbd7 11. Qe2 O-O 12. Rd1 c5 13. Bd2 Qb8 14. Be1 Ng4 15. e4
cxd4 16. Nbxd4 Nde5 17. Nxe5 Nxe5 18. Bb3 Rd8 19. Rac1 Bf6 20. Nc2 Nc6 21. Ba4
Qe5 22. b3 Qxa5 23. Bxc6 Bxc6 24. Nxb4 Bb5 25. Qe3 Qa3 26. e5 Rxd1 27. Rxd1 Be7
28. Qc3 a5 29. Nc6 Bxc6 30. Qxc6 Rb8 31. Qa4 Qxb3 32. Qxb3 Rxb3 33. Bxa5 g5 34.
g4 Rb5 35. Bc7 Kf8 36. Kg2 Rb7 37. Ba5 Rb5 38. Bc7 Rb7 39. Ba5 Kg7 40. Rd3 Kg6
41. Bd2 Rb5 42. f4 Rb2 43. Kg3 h6 44. Kf3 Bb4 45. Be3 Rxh2 46. fxg5 hxg5 47. Rd8
Rh4 48. Rg8+ 1/2-1/2

[Event "19th Kolkata GM Open 2014"]
[Site "Kolkata IND"]
[Date "2014.03.23"]
[Round "6.5"]
[White "Debashis, Das"]
[Black "Landa, Konstantin"]
[Result "0-1"]
[WhiteTitle "GM"]
[BlackTitle "GM"]
[WhiteElo "2508"]
[BlackElo "2645"]
[WhiteFideId "5024854"]
[BlackFideId "4101685"]
[EventDate "2014.03.18"]

1. d4 d5 2. c4 dxc4 3. Nf3 Nf6 4. e3 b5 5. a4 b4 6. Bxc4 e6 7. O-O Bb7 8. Nbd2
Be7 9. b3 O-O 10. Bb2 c5 11. Qe2 cxd4 12. Nxd4 Nc6 13. Rac1 Qb6 14. Bb5 Na5 15.
Nc4 Nxc4 16. Rxc4 Rfc8 17. Rfc1 Rxc4 18. Rxc4 Bd5 19. Rc1 a6 20. Bd3 Bb7 21. Nf3
h6 22. Ne5 Rc8 23. Rxc8+ Bxc8 24. Qc2 Bb7 25. Bd4 Qd6 26. f3 Bd8 27. Qc5 Qxc5
28. Bxc5 a5 29. e4 Bc7 30. Bd4 Ne8 31. Bb5 f6 32. Bxe8 fxe5 33. Bc5 Ba6 34. Bb5
Bxb5 35. axb5 a4 36. Bxb4 axb3 37. Ba3 Bd8 38. h3 Bb6+ 39. Kf1 Bd4 40. Ke2 b2
41. Bxb2 Bxb2 0-1

[Event "19th Kolkata GM Open 2014"]
[Site "Kolkata IND"]
[Date "2014.03.23"]
[Round "6.6"]
[White "Haznedaroglu, Kivanc"]
[Black "Adhiban, Baskaran"]
[Result "1/2-1/2"]
[WhiteTitle "GM"]
[BlackTitle "GM"]
[WhiteElo "2462"]
[BlackElo "2608"]
[WhiteFideId "6300634"]
[BlackFideId "5018471"]
[EventDate "2014.03.18"]

1. e4 c5 2. Nf3 d6 3. d4 cxd4 4. Qxd4 Nc6 5. Bb5 Bd7 6. Bxc6 Bxc6 7. Nc3 Nf6 8.
Bg5 e6 9. O-O-O Be7 10. Qd3 Qb6 11. Be3 Qa6 12. h3 O-O 13. Nd4 Qxd3 14. cxd3
Rfc8 15. Kb1 d5 16. e5 Nd7 17. f4 Nc5 18. f5 Be8 19. Nce2 Bd8 20. Nf4 Bd7 21.
Rhe1 Bb6 22. Re2 Re8 23. fxe6 fxe6 24. Rc1 Rac8 25. Rc3 Rf8 26. Rec2 Na6 27.
Rxc8 Bxc8 28. g3 Bd7 29. a3 Nc7 30. Re2 Kf7 31. Nf3 Bxe3 32. Rxe3 Ke7 33. Ng5 d4
34. Re4 Rf5 35. Nxh7 Bc6 36. Rxd4 g5 37. Ne2 Nb5 38. Rc4 Rxe5 39. Nd4 Nxd4 40.
Rxd4 Bd5 41. Rg4 Re2 42. Kc1 a5 43. b4 a4 44. b5 Bb3 45. Nxg5 Rc2+ 46. Kb1 Rg2
47. Kc1 Rc2+ 48. Kb1 Rg2 49. Kc1 Rc2+ 50. Kb1 1/2-1/2

[Event "19th Kolkata GM Open 2014"]
[Site "Kolkata IND"]
[Date "2014.03.23"]
[Round "6.7"]
[White "Swayams, Mishra"]
[Black "Short, Nigel D"]
[Result "1/2-1/2"]
[WhiteTitle "IM"]
[BlackTitle "GM"]
[WhiteElo "2445"]
[BlackElo "2674"]
[WhiteFideId "5028183"]
[BlackFideId "400025"]
[EventDate "2014.03.18"]

1. d4 e6 2. c4 b6 3. e4 Bb7 4. Nc3 Bb4 5. Bd3 f5 6. Qh5+ g6 7. Qe2 Nf6 8. f3 Nc6
9. Be3 fxe4 10. fxe4 e5 11. d5 Nd4 12. Bxd4 exd4 13. a3 Ba5 14. b4 dxc3 15. bxa5
O-O 16. Nf3 Qe7 17. O-O Rae8 18. Qe3 Ba6 19. Qd4 Qc5 20. Qxc5 bxc5 21. Rfe1 Re7
22. Rac1 Rfe8 23. e5 Ng4 24. e6 dxe6 25. h3 Nf6 26. Rxe6 Rxe6 27. dxe6 Rxe6 28.
Rxc3 Kg7 29. Rb3 Re8 30. Kf2 Nd7 31. Bf1 Kf6 32. Nd2 Nf8 33. Rf3+ Kg7 34. Rd3
Kf7 35. Rf3+ Ke7 36. h4 Ne6 37. Nb3 Rf8 38. Rxf8 Kxf8 39. Ke3 Ke7 40. g3 Kd6 41.
Nd2 Bb7 42. Bd3 Ke5 43. Nb3 Bc6 44. Be2 Ba4 45. Nd2 Bc2 46. Bg4 Bf5 47. Bd1 Nd4
48. Nf3+ Nxf3 49. Bxf3 Be6 50. Be2 h6 51. Bd3 g5 52. hxg5 hxg5 53. Bf1 Bg8 54.
Kd3 Bh7+ 55. Ke3 Bg8 56. Kd3 Bh7+ 1/2-1/2

[Event "19th Kolkata GM Open 2014"]
[Site "Kolkata IND"]
[Date "2014.03.23"]
[Round "6.8"]
[White "Fedorchuk, Sergey A."]
[Black "Narayanan, Srinath"]
[Result "1-0"]
[WhiteTitle "GM"]
[BlackTitle "IM"]
[WhiteElo "2647"]
[BlackElo "2436"]
[WhiteFideId "14102536"]
[BlackFideId "5018420"]
[EventDate "2014.03.18"]

1. e4 c5 2. Nf3 d6 3. d4 cxd4 4. Nxd4 Nf6 5. Nc3 a6 6. Be3 e5 7. Nb3 Be6 8. h3
Nc6 9. Nd5 Rc8 10. Bg5 Bxd5 11. exd5 Nb8 12. a4 Be7 13. Be3 Qc7 14. Rc1 Nbd7 15.
a5 Nc5 16. Nxc5 dxc5 17. Ra1 O-O 18. c4 e4 19. Qc2 Bd6 20. g3 Rce8 21. Bg2 Nh5
22. g4 Nf4 23. Bxe4 f5 24. gxf5 Be5 25. Rg1 Bxb2 26. d6 Qd7 27. Rb1 Bf6 28. Rg4
Nxh3 29. Qd3 b5 30. axb6 h5 31. Qd5+ Kh8 32. Rg3 Ng5 33. Bxg5 Rxe4+ 34. Qxe4 Re8
35. Qxe8+ Qxe8+ 36. Re3 Qc6 37. Ke2 Qa4 38. Ke1 Qc2 39. Rd1 Bxg5 40. b7 Qb2 41.
Re8+ Kh7 42. b8=Q Qc3+ 43. Kf1 Qh3+ 44. Ke2 Qg4+ 45. f3 Qxc4+ 46. Kf2 Qc2+ 47.
Kg3 h4+ 48. Kg4 Qg2+ 49. Kh5 Qxf3+ 50. Kxg5 Qg3+ 51. Kh5 Qf3+ 52. Kxh4 Qf4+ 53.
Kh3 Qf3+ 54. Kh2 Qf2+ 55. Kh1 Qf3+ 56. Kg1 Qxd1+ 57. Kf2 Qd2+ 58. Kf3 Qd3+ 59.
Kf4 Qd4+ 60. Re4 1-0

[Event "19th Kolkata GM Open 2014"]
[Site "Kolkata IND"]
[Date "2014.03.23"]
[Round "6.9"]
[White "Mchedlishvili, Mikheil"]
[Black "Shyam, Nikil P."]
[Result "1-0"]
[WhiteTitle "GM"]
[BlackTitle "IM"]
[WhiteElo "2639"]
[BlackElo "2431"]
[WhiteFideId "13600966"]
[BlackFideId "5024218"]
[EventDate "2014.03.18"]

1. d4 d5 2. c4 c6 3. Nf3 Nf6 4. Nc3 dxc4 5. a4 Bf5 6. Ne5 Nbd7 7. Nxc4 Qc7 8. g3
e5 9. dxe5 Nxe5 10. Bf4 Nfd7 11. Bg2 g5 12. Bxe5 Nxe5 13. Qd4 f6 14. Ne3 Bg6 15.
a5 a6 16. O-O Qd6 17. Qa4 Qb4 18. Qa2 Bf7 19. Qb1 Bg6 20. Be4 Bc5 21. Nf5 Qb3
22. Bc2 Bxf5 23. Bxf5 Rd8 24. Bc2 Qe6 25. Ra4 h5 26. Bf5 Qb3 27. Re4 h4 28. Kg2
hxg3 29. hxg3 Kf8 30. Rh1 Rxh1 31. Qxh1 Ke7 32. Qh6 Qg8 33. b4 Ba7 34. Rxe5+
fxe5 35. Ne4 Rd4 36. Qf6+ Ke8 37. e3 Rxe4 38. Bxe4 Bb8 39. Bg6+ Kd7 40. Qxg5 Kd6
41. Qf6+ 1-0

[Event "19th Kolkata GM Open 2014"]
[Site "Kolkata IND"]
[Date "2014.03.23"]
[Round "6.10"]
[White "Ly, Moulthun"]
[Black "Lalith, Babu M.R."]
[Result "0-1"]
[WhiteTitle "IM"]
[BlackTitle "GM"]
[WhiteElo "2429"]
[BlackElo "2585"]
[WhiteFideId "3204405"]
[BlackFideId "5024595"]
[EventDate "2014.03.18"]

1. e4 c6 2. d4 d5 3. e5 Bf5 4. Nf3 e6 5. Be2 Nd7 6. O-O h6 7. Nbd2 Ne7 8. Nb3
Bh7 9. a4 Ng6 10. g3 Be7 11. a5 O-O 12. c4 f6 13. cxd5 cxd5 14. a6 b6 15. exf6
Nxf6 16. Bd3 Bd6 17. Nbd2 Qe7 18. Qe2 Qf7 19. b3 Nh5 20. Kh1 Kh8 21. Ng5 hxg5
22. Qxh5 Rac8 23. f4 Rc3 24. Bb1 g4 25. Bb2 Re3 26. Qxg4 Ne7 27. Bxh7 Kxh7 28.
Rae1 Nf5 29. Nf3 Kg8 30. Bc1 Rxe1 31. Rxe1 Be7 32. Ne5 Qe8 33. Qg6 Qc8 34. Bd2
Rf6 35. Qg4 Qc2 36. Qd1 Qb2 37. Nc6 Bf8 38. g4 e5 39. gxf5 Rxc6 40. fxe5 Rc2 41.
Bf4 Rf2 42. Bg3 Rxf5 43. Qg4 Qc2 44. Kg1 Qd3 45. Qd1 Qc3 46. Rf1 Qe3+ 47. Rf2
Be7 48. Qg4 Rxf2 49. Bxf2 Qxb3 50. Qg6 Qf3 51. h4 Qf7 52. Qc6 Kh7 53. Kg2 Qg6+
54. Qxg6+ Kxg6 55. Kf3 Kf5 56. Bg3 g6 57. e6 Kxe6 58. Bb8 Kd7 59. Bxa7 Kc7 60.
Kg3 Bf6 61. Kg4 Bxd4 62. h5 gxh5+ 63. Kxh5 Be5 64. Kg4 Kc6 0-1

[Event "19th Kolkata GM Open 2014"]
[Site "Kolkata IND"]
[Date "2014.03.23"]
[Round "6.11"]
[White "Grigoryan, Avetik"]
[Black "Swapnil, S. Dhopade"]
[Result "1-0"]
[WhiteTitle "GM"]
[BlackTitle "IM"]
[WhiteElo "2583"]
[BlackElo "2424"]
[WhiteFideId "13302191"]
[BlackFideId "5019184"]
[EventDate "2014.03.18"]

1. Nf3 Nf6 2. g3 d5 3. c4 c6 4. Bg2 Bg4 5. Ne5 Be6 6. cxd5 Bxd5 7. Nf3 c5 8. Nc3
Bc6 9. O-O e6 10. d3 Be7 11. e4 Nbd7 12. Re1 O-O 13. d4 cxd4 14. Nxd4 Ne5 15.
Bf4 Nfd7 16. Rc1 Bc5 17. Re2 Qe7 18. Nd5 Qd6 19. Nxc6 bxc6 20. Nc3 Qe7 21. Be3
Rfd8 22. Qc2 Bxe3 23. Rxe3 Nb6 24. Rd1 c5 25. f4 Ng4 26. Red3 c4 27. Rxd8+ Rxd8
28. Rxd8+ Qxd8 29. Qd1 Qxd1+ 30. Nxd1 e5 31. Bh3 Nf6 32. Nc3 Nfd7 33. Bxd7 Nxd7
34. Kf2 f6 35. Ke3 Kf7 36. Nb5 Ke7 37. Nxa7 Kd6 38. Nb5+ Kc5 39. Nc3 Nb8 40. Nd5
Nc6 41. Nc7 Nd4 42. f5 Nc2+ 43. Kd2 Nb4 44. Ne6+ Kd6 45. Kc3 Nxa2+ 46. Kxc4 g6
47. g4 Nc1 48. Nf8 gxf5 49. gxf5 h6 50. Nh7 Ke7 51. b4 Ne2 52. b5 Nd4 53. b6 Nc6
54. Kb5 Nd8 55. Kc5 Kf7 56. Kd6 Nb7+ 57. Kc7 Nc5 58. b7 Kg7 59. Nxf6 1-0

[Event "19th Kolkata GM Open 2014"]
[Site "Kolkata IND"]
[Date "2014.03.23"]
[Round "6.12"]
[White "Gopal, G.N."]
[Black "Prasanna Raghuram Rao"]
[Result "1/2-1/2"]
[WhiteTitle "GM"]
[BlackTitle "IM"]
[WhiteElo "2558"]
[BlackElo "2410"]
[WhiteFideId "5015693"]
[BlackFideId "5022401"]
[EventDate "2014.03.18"]

1. e4 e5 2. Nf3 Nc6 3. Bb5 a6 4. Ba4 Nf6 5. O-O b5 6. Bb3 Bc5 7. Nc3 d6 8. Nd5
Rb8 9. c3 Ba7 10. d4 h6 11. h3 O-O 12. Be3 Nxe4 13. Re1 exd4 14. Nxd4 Bxd4 15.
Bxd4 Ng5 16. Be3 Bf5 17. h4 Ne6 18. Qf3 Bh7 19. Qg3 Kh8 20. Rad1 1/2-1/2

[Event "19th Kolkata GM Open 2014"]
[Site "Kolkata IND"]
[Date "2014.03.23"]
[Round "6.13"]
[White "Abhishek, Kelkar"]
[Black "Sengupta, Deep"]
[Result "0-1"]
[BlackTitle "GM"]
[WhiteElo "2286"]
[BlackElo "2529"]
[WhiteFideId "5019257"]
[BlackFideId "5008352"]
[EventDate "2014.03.18"]

1. d4 Nf6 2. c4 e6 3. Nc3 Bb4 4. e3 O-O 5. Ne2 d5 6. a3 Bd6 7. c5 Be7 8. Nf4 c6
9. b4 Nbd7 10. Bb2 Qc7 11. Be2 b6 12. cxb6 axb6 13. Rc1 Qb8 14. Nd3 c5 15. f4
Ba6 16. b5 Bb7 17. a4 Ne4 18. Nxe4 dxe4 19. Ne5 Nf6 20. O-O Nd5 21. Qb3 Qe8 22.
Nc4 Qd7 23. Rfd1 Rfd8 24. Ra1 Qc7 25. Rac1 Rac8 26. g3 Ba8 27. Ba3 cxd4 28. Rxd4
Bf6 29. Rdd1 Qb8 30. Bb2 Bxb2 31. Qxb2 Qa7 32. Qb3 Rc5 33. Rd4 Rdc8 34. Rcd1 Qc7
35. Kf2 Nf6 36. Nd6 Rf8 37. Nc4 Bd5 38. Qb4 Bxc4 39. Bxc4 Rc8 40. Bb3 h5 41. Qd2
Rc3 42. Rd8+ Kh7 43. Rxc8 Qxc8 44. Qb2 Qc5 45. Re1 Ng4+ 46. Kg2 Qb4 47. Rb1 Rxb3 0-1

[Event "19th Kolkata GM Open 2014"]
[Site "Kolkata IND"]
[Date "2014.03.23"]
[Round "6.14"]
[White "Shyam, Sundar M."]
[Black "Neelotpal, Das"]
[Result "1-0"]
[WhiteTitle "GM"]
[BlackTitle "GM"]
[WhiteElo "2507"]
[BlackElo "2427"]
[WhiteFideId "5019141"]
[BlackFideId "5003512"]
[EventDate "2014.03.18"]

1. d4 Nf6 2. c4 e6 3. Nc3 Bb4 4. Qc2 O-O 5. a3 Bxc3+ 6. Qxc3 Qe8 7. f3 d5 8. Bg5
Nbd7 9. Nh3 h6 10. Bf4 Qd8 11. c5 Nh5 12. Bd2 Re8 13. g4 Nhf6 14. g5 hxg5 15.
Bxg5 e5 16. O-O-O exd4 17. Qxd4 b6 18. Rg1 bxc5 19. Qh4 Qe7 20. e4 Rb8 21. Rxd5
Rb6 22. Bb5 Qf8 23. Rf5 Re5 24. Bxf6 Rxf6 25. Rxe5 Nxe5 26. Qxf6 1-0

[Event "19th Kolkata GM Open 2014"]
[Site "Kolkata IND"]
[Date "2014.03.23"]
[Round "6.15"]
[White "Ghosh, Diptayan"]
[Black "Krishna, C.R.G."]
[Result "1-0"]
[WhiteTitle "IM"]
[WhiteElo "2481"]
[BlackElo "2317"]
[WhiteFideId "5045207"]
[BlackFideId "5018625"]
[EventDate "2014.03.18"]

1. Nf3 d5 2. c4 c6 3. e3 Nf6 4. Nc3 a6 5. Qc2 e6 6. d4 c5 7. dxc5 Bxc5 8. b3
dxc4 9. Bxc4 b5 10. Be2 Nbd7 11. a4 bxa4 12. Nxa4 Bb4+ 13. Bd2 Bxd2+ 14. Nxd2
Bb7 15. O-O O-O 16. Nc4 Qc7 17. Qb2 Rab8 18. Rfc1 Rfd8 19. Qa3 Ne5 20. Qc5 Qc6
21. Qxc6 Nxc6 22. Nc5 Nb4 23. Na5 Bc8 24. Rd1 Rd5 25. e4 Rxd1+ 26. Rxd1 Kf8 27.
Rd8+ Ke7 28. Rh8 Ra8 29. e5 Nfd5 30. Rxh7 Ra7 31. Bc4 Rc7 32. Ne4 Kf8 33. Rh8+
Ke7 34. Nd6 Bd7 35. Rg8 g6 36. h4 Nf4 37. g3 Nh5 38. Ne4 1-0

[Event "19th Kolkata GM Open 2014"]
[Site "Kolkata IND"]
[Date "2014.03.24"]
[Round "7.1"]
[White "Kunte, Abhijit"]
[Black "Vidit, Santosh Gujrathi"]
[Result "1/2-1/2"]
[WhiteTitle "GM"]
[BlackTitle "GM"]
[WhiteElo "2439"]
[BlackElo "2602"]
[WhiteFideId "5002265"]
[BlackFideId "5029465"]
[EventDate "2014.03.18"]

1. d4 Nf6 2. c4 e6 3. g3 d5 4. Nf3 Be7 5. Bg2 O-O 6. O-O dxc4 7. Qc2 a6 8. a4
Bd7 9. Qxc4 Bc6 10. Bg5 Bd5 11. Qd3 c5 12. Nc3 Bc6 13. Rfd1 cxd4 14. Nxd4 Bxg2
15. Kxg2 Qa5 16. Bxf6 Bxf6 17. Ne4 Bxd4 18. Qxd4 Nc6 19. Qc5 Rac8 20. Qxa5 Nxa5
21. Nd6 Rc2 22. b4 Nc6 23. b5 Na5 24. Nxb7 Nxb7 25. bxa6 Na5 26. Rab1 Rc6 27. a7
Ra6 28. Rb8 Nc6 29. Rd6 Rxa7 30. Rxf8+ Kxf8 31. Rxc6 1/2-1/2

[Event "19th Kolkata GM Open 2014"]
[Site "Kolkata IND"]
[Date "2014.03.24"]
[Round "7.2"]
[White "Landa, Konstantin"]
[Black "Deepan, Chakkravarthy J."]
[Result "1/2-1/2"]
[WhiteTitle "GM"]
[BlackTitle "GM"]
[WhiteElo "2645"]
[BlackElo "2496"]
[WhiteFideId "4101685"]
[BlackFideId "5011132"]
[EventDate "2014.03.18"]

1. e4 c5 2. c3 d5 3. exd5 Qxd5 4. d4 Nf6 5. Nf3 Nc6 6. Be2 e6 7. O-O cxd4 8.
cxd4 Be7 9. Nc3 Qd6 10. Nb5 Qd8 11. Bf4 Nd5 12. Bg3 O-O 13. Bc4 a6 14. Bxd5 axb5
15. Be4 Bd7 16. d5 Na5 17. Rc1 Rc8 18. d6 Rxc1 19. Qxc1 Bf6 20. Rd1 Nc6 21. Qc2
h6 22. b3 Qb6 23. Qd2 Ra8 24. Bb1 Qc5 25. Qd3 g6 26. h4 Kg7 27. Nd2 Bd4 28. Ne4
Qh5 29. Rc1 e5 30. Qxb5 f5 31. Nc5 f4 32. Bh2 Qxh4 33. Rf1 Ra5 34. Qxb7 Ra7 35.
Qb5 Ra5 36. Ne6+ Kf6 37. Qc4 Bxe6 38. Qxc6 Rc5 39. Qa6 Rc1 40. Kh1 Rxf1+ 41.
Qxf1 Qxf2 42. Qxf2 Bxf2 43. Be4 Bc5 44. a4 Bxb3 45. a5 Bc4 46. Bg1 Bxg1 47. Kxg1
Ke6 48. Bxg6 Kxd6 49. Kf2 Bd5 50. g3 fxg3+ 51. Kxg3 Kc5 52. Kg4 Kb5 53. Kf5 e4 1/2-1/2